| 000 | 00433nam a22001817a 4500 | ||
|---|---|---|---|
| 005 | 20230829164105.0 | ||
| 008 | 230605b |||||||| |||| 00| 0 eng d | ||
| 020 | _a9788131718889 | ||
| 082 |
_a621.4021 _bJOE-B |
||
| 100 | _aJoel:Rayner | ||
| 245 | _aBasic Engineering Thermodynamics | ||
| 250 | _a5th ed. | ||
| 260 |
_aIndia _bPearson _c2009 |
||
| 300 | _a646 | ||
| 650 | _aEngineering | ||
| 700 | _aJoel Rayner | ||
| 999 |
_c18575 _d18575 |
||